UBT Library

Harrison's principles of internal medicine. (Record no. 39341)

000 -LEADER
fixed length control field 00596cam a2200229 i 4500
001 - CONTROL NUMBER
control field 864883
005 - DATE AND TIME OF LATEST TRANSACTION
control field 20171222073750.0
008 - FIXED-LENGTH DATA ELEMENTS--GENERAL INFORMATION
fixed length control field 910723s1980 nyua b 001 0 eng
010 ## - LIBRARY OF CONGRESS CONTROL NUMBER
LC control number 79020855
020 ## - INTERNATIONAL STANDARD BOOK NUMBER
International Standard Book Number 0070320683
040 ## - CATALOGING SOURCE
Original cataloging agency DLC
Transcribing agency DLC
Modifying agency DLC
041 ## - LANGUAGE CODE
Language code of text/sound track or separate title eng
080 ## - UNIVERSAL DECIMAL CLASSIFICATION NUMBER
Universal Decimal Classification number 616.026 ISS
082 00 - DEWEY DECIMAL CLASSIFICATION NUMBER
Classification number 616.026 ISS
100 1# - Rafti
Rafti 3
101 ## - Shkurtesa
Shkurtesa SHM
240 10 - UNIFORM TITLE
Uniform title <a href="Principles of internal medicine">Principles of internal medicine</a>
245 10 - TITLE STATEMENT
Title Harrison's principles of internal medicine.
504 ## - BIBLIOGRAPHY, ETC. NOTE
Bibliography, etc Includes bibliographies and index.
906 ## - LOCAL DATA ELEMENT F, LDF (RLIN)
a 7
b cbc
c orignew
d u
e ocip
f 19
g y-gencatlg
942 ## - ADDED ENTRY ELEMENTS (KOHA)
Source of classification or shelving scheme
Item type Books
Holdings
Withdrawn status Lost status Source of classification or shelving scheme Damaged status Not for loan Collection code Permanent location Current location Shelving location Date acquired Total Checkouts Full call number Barcode Date last seen Price effective from Koha item type
          Koleksioni i përgjithshem UBT - Lipjan UBT - Lipjan Koleksioni i përgjithshem 12/22/2017   616.026 ISS 002-2939900 12/22/2017 12/22/2017 Books
UBT Library © 2015-2024. All rights reserved University Education for Business and Technology